00703nam a2200181Ia 4500020001500000082002200015100001800037245010400055260006300159300001400222504001900236650005600255650004500311650005600356650006400412700002100476700002400497 a8185835586 aRR 016.3046 KRI-P aGopal Krishan 0aPopulation research centres in India: an annotated bibliography and abstract of research: 2001-2007 aChandigarhbCentre for Research in Rural and Industrc2010 axxvi, 654 aincludes index aPopulation researchvIndiavBibliographyz2001-2007 aIndiavresearchvBibliographyz2001-2007 aResearch institutesvIndiavBibliographyz2001-2007 aPopulation research centresvIndiavBibliographyz2001-2007 aBhatia, Manisha aSharma, Pawan Kumar